000 00524nam a2200181 i 4500
001 35800
003 ES-MaACL
005 20260518135218.0
007 t|
008 030214s1921 fr ||||1| fre d
100 1 _aBoule, Marcellin.
_930907
245 1 4 _aLes hommes fossiles
_b: eléments de paléontologie humaine /
_cMarcellin Boule.
260 _aParís :
_bMasson et Cie,
_c1921 (
_eCorbeil :
_fCrété)
300 _aXI, 492 p. :
_bil. ;
_c26 cm
852 _aES-MaACL
_jC-1657
942 _2udc
999 _c35800
_d35800